书目信息 |
| 题名: |
建筑与环境艺术模型制作
|
|
| 作者: | 王卓 编著 | |
| 分册: | ||
| 出版信息: | 大连 大连理工大学出版社 2014.9 |
|
| 页数: | 206页 | |
| 开本: | 26cm | |
| 丛书名: | ||
| 单 册: | ||
| 中图分类: | TU205 | |
| 科图分类: | ||
| 主题词: | 模型(建筑)--制作--高等学校--教材 | |
| 电子资源: | ||
| ISBN: | 978-7-5611-9475-1 | |
| 000 | 01258nam0 2200253 450 | |
| 001 | 0400002868 | |
| 005 | 20171021151912.0 | |
| 010 | @a978-7-5611-9475-1@dCNY39.80 | |
| 100 | @a20171021e20172014em y0chiy ea | |
| 101 | 0 | @achi |
| 102 | @aCN@b210000 | |
| 105 | @aa z 000yy | |
| 106 | @ar | |
| 200 | 1 | @a建筑与环境艺术模型制作@9jian zhu yu huan jing yi shu mo xing zhi zuo@e用模型激发创意思维@d= Construction of architecture and environmental art model@einspire your creativity by models@f王卓编著@zeng |
| 210 | @a大连@c大连理工大学出版社@d2014.9@h2017.2 | |
| 215 | @a206页@c图@d26cm | |
| 300 | @a普通高等院校设计类基础课程规划教材 | |
| 330 | @a本书系统地对建筑模型基础理论知识、制作方法及流程、模型思路开发、模型创意思维训练、模型案例等相互结合进行讲解。在内容结构编排上, 遵循制作程序来安排章节, 在这个大的流程中, 针对每个制作环节 (例如, 工具选择、材料选择、风格定位、色彩定位、地形表达方式、构图形式等) 进行分析, 注重对学生正确思维方式的引导及思路的拓展。 | |
| 510 | 1 | @aConstruction of architecture and environmental art model@einspire your creativity by models@zeng |
| 606 | 0 | @a模型(建筑)@x制作@x高等学校@j教材 |
| 690 | @aTU205@v5 | |
| 701 | 0 | @a王卓@9wang zhuo@4编著 |
| 801 | 0 | @aCN@b91MARC@c20171021 |
| 905 | @b1032835-9@dTU205@f5@e1158 | |
| 建筑与环境艺术模型制作:用模型激发创意思维= Construction of architecture and environmental art model:inspire your creativity by models/王卓编著.-大连:大连理工大学出版社,2014.9(2017.2) |
| 206页:图;26cm |
| 普通高等院校设计类基础课程规划教材 |
| ISBN 978-7-5611-9475-1:CNY39.80 |
| 本书系统地对建筑模型基础理论知识、制作方法及流程、模型思路开发、模型创意思维训练、模型案例等相互结合进行讲解。在内容结构编排上, 遵循制作程序来安排章节, 在这个大的流程中, 针对每个制作环节 (例如, 工具选择、材料选择、风格定位、色彩定位、地形表达方式、构图形式等) 进行分析, 注重对学生正确思维方式的引导及思路的拓展。 |
| ● |
| 相关链接 |
|
|
|
|
正题名:建筑与环境艺术模型制作
索取号:TU205/1158
 
预约/预借
| 序号 | 登录号 | 条形码 | 馆藏地/架位号 | 状态 | 备注 |
| 1 | 1032835 | 210328359 | 第二样本阅览室/ [索取号:TU205/1158] | 在馆 | |
| 2 | 1032836 | 210328368 | 密集书库-生命科学系/ [索取号:TU205/1158] | 在馆 | |
| 3 | 1032837 | 210328377 | 第三借阅区/ [索取号:TU205/1158] | 在馆 | |
| 4 | 1032838 | 210328386 | 第三借阅区/ [索取号:TU205/1158] | 在馆 | |
| 5 | 1032839 | 210328395 | 第三借阅区/ [索取号:TU205/1158] | 在馆 |